Integrated paper presentation : Student CEA part time [

Bibliographic Details
Corporate Author: Institut Penilaian Negara
Format: Book
Language:English
Published: Bangi : Institut Penilaian Negara , 2015
Subjects:

MARC

LEADER 00000cam a2200000 7i4500
001 0000026042
005 20150525.0
008 150525 my v meng
040 |a INS 
090 0 0 |a VCD 2325 
245 0 0 |a Integrated paper presentation :   |b Student CEA part time [  |h video disc]   |f 12 February 2015 
260 |a Bangi :   |b Institut Penilaian Negara ,   |c 2015 
300 |a 1video disc (1 hour 42 min.) :   |b sd. col. ;   |c 4 ¾ in. 
500 |a Room 1 
650 0 |a Paperwork 
710 2 |a Institut Penilaian Negara 
999 |a VCD0002325   |b VIDEO CD   |c Media Collection   |e Default branch